1766 1000 1678 1622 1113 1257 1939 1425 1324 1060 1961 1153 1283 1497 1541 1025 1223 1282 1442 1890 1956 1122 1956 1213 1623 1350 1808 1763 1434 1972 1491 1281 1023 1616 1466 1022 1651 1316 1692 1888 1803 1899 1740 1701 1922 1148 1670 1127 1992 1160 1247 1880 1327 1506 1726 1334 1631 1138 1895 1544 1512 1228 1120 1876 1098 1570 1217 1244 1646 1563 1143 1900 1130 1144 1878 1840 1380 1572 1425 1613 1483 1869 1633 1244 1863 1650 1705 1781 1587 1859 1614 1856 1768 1495 1875 1716 1290 1057 1697 BCNSPRNW ULIB Ver.6.0+V

เปลี่ยนเป็นภาษาไทย

Change to English
 แสดงรายละเอียดบรรณานุกรม
  กลับหน้าหลัก

Brief Record : Get Marc (ISO 2709) : E-mail record : QR code < ปิดหน้าต่าง
LEADER : 00000nam 2200000uu 4500
001    13399129198
003     ULIB
008    260511s2568||||th 000 0 tha d
020    ^a9786165383233
060 1  ^aWA400^bอ152อ
100    ^aอนามัย ธีรวิโรจน์ เทศกะทึก
245 1  ^aอาชีวอนามัยและความปลอดภัย =^bOccupational Health and Safety /^cอนามัย ธีรวิโรจน์ เทศกะทึก.
246 1  ^aOccupational Health and Safety.
246 3  ^aOccupationAT health and safety.
250    ^aพิมพ์ครั้งที่ 6.
260    ^aกรุงเทพฯ :^bโอเดียนสโตร์,^c2568.
300    ^a496 หน้า :^bภาพประกอบ ;^c24 ซม.
610  2 ^aอาชีวอนามัย.
650  4 ^aความปลอดภัย.
650  4 ^aความปลอดภัยในการทำงาน.
650  4 ^aความปลอดภัยในงานอุตสาหกรรม.
650  4 ^aสุขภาพในการทำงาน.
650  4 ^aอาชีวอนามัย.
999    ^aประนอม เกษจรัล
รายการนี้ยังไม่มีแท็ก
คุณยังไม่ได้ล็อกอิน คุณสามารถมีกิจกรรมร่วมกับเว็บไซต์ได้ แต่ต้องล็อกอินก่อน ::
  ล็อกอิน

รายการสื่อสารสนเทศ

ลำดับที่ ประเภท เลขเรียก/บาร์โค้ด สถานที่ สถานะ
1. วิทยาศาสตร์การแพทย์ และสุขภาพ
หนังสือสำรอง
สถานะ=หนังสือสำรอง
WA400 อ152อ ฉ.1 
  Barcode: 012123
ห้องสมุดวิทยาเขตสวรรค์ประชารักษ์
►หนังสือทั่วไป
บนชั้น
*เพิ่งรับคืน
2. วิทยาศาสตร์การแพทย์ และสุขภาพ
วิทยาศาสตร์การแพทย์ และสุขภาพ
WA400 อ152อ ฉ.2 
  Barcode: 012124
ห้องสมุดวิทยาเขตสวรรค์ประชารักษ์
►หนังสือทั่วไป
บนชั้น
*เพิ่งรับคืน
3. วิทยาศาสตร์การแพทย์ และสุขภาพ
วิทยาศาสตร์การแพทย์ และสุขภาพ
WA400 อ152อ ฉ.3 
  Barcode: 012125
ห้องสมุดวิทยาเขตสวรรค์ประชารักษ์
►หนังสือทั่วไป
บนชั้น
*เพิ่งรับคืน
4. วิทยาศาสตร์การแพทย์ และสุขภาพ
วิทยาศาสตร์การแพทย์ และสุขภาพ
WA400 อ152อ ฉ.4 
  Barcode: 012126
ห้องสมุดวิทยาเขตสวรรค์ประชารักษ์
►หนังสือทั่วไป
บนชั้น
*เพิ่งรับคืน
5. วิทยาศาสตร์การแพทย์ และสุขภาพ
วิทยาศาสตร์การแพทย์ และสุขภาพ
WA400 อ152อ ฉ.5 
  Barcode: 012127
ห้องสมุดวิทยาเขตสวรรค์ประชารักษ์
►หนังสือทั่วไป
บนชั้น
*เพิ่งรับคืน

รายการใกล้เคียง
    ผู้แต่ง [อนามัย ธีรวิโรจน์ เทศกะทึก]

    หัวเรื่อง [อาชีวอนามัย.]

BibComment


ยังไม่เคยถูกคอมเมนท์

คอมเมนท์ทรัพยากรรายการนี้
  คอมเมนท์: อาชีวอนามัยและคว..


 Copyright 2026. Bcnsprnw @Library